000
00290nam a22001337a 4500
008
210226b ||||| |||| 00| 0 eng d
041
_a
eng
080
_2
2nd
_a
573
082
_a
573
100
_a
11
101
_a
BIO
245
_a
Biology and Human Rights
_c
Sapolsky, R
942
_2
udc
_c
BK
999
_c
55287
_d
55287